Statistiques concernant La mythologie grecque - Les noms en H

Cliquez ici pour prendre le quiz!

Statistiques générales

  • Ce quiz a été pris 475 fois
  • Le résultat moyen est 12 sur 23

Statistiques - réponses

IndiceRéponse% Correct
Dieu du monde souterrain, des morts et de la richesseHadès
98%
Déesse du mariage, femme de ZeusHéra
98%
Messager des dieuxHermès
93%
Héros ayant terrassé le lion de NéméeHéraclès
89%
Dieu estropié de la forgeHéphaïstos
88%
Déesse vierge du foyer et de la maisonHestia
81%
Fille de Zeus, considérée comme la plus belle femme du mondeHélène
77%
Prince troyen tué par AchilleHector
76%
Titan personnifiant le SoleilHélios
75%
Dieu du sommeilHypnos
62%
Déesse de la magieHécate
49%
Dieu bisexué, fusionné à une naïade amoureuse de luiHermaphrodite
47%
Déesse de la jeunesseHébé
46%
Titan de la lumièreHypérion
28%
Jeune homme aimé d'Apollon, transformé en fleur après sa mortHyacinthos
27%
Fils de Thésée et de la reine des AmazonesHippolyte
26%
Déesse de la santé, fille d'AsclépiosHygie
22%
Déesse de la lumière, fille de Nyx et d'ÉrèbeHéméra
20%
Fille d'Arès et d'Aphrodite, déesse de la concordeHarmonie
18%
Épouse de Priam, reine de TroieHécube
17%
Fils de Priam, devin instruit par CassandreHélénos
11%
Dieu du mariageHyménée
10%
Amant d'HéraclèsHylas
3%

Distribution des résultats

Percentile par nombre de réponses

% des personnes avec chaque résultat

Votre développement - résultats

Vous n’avez pas pris ce quiz